| 000 | 01994cam a22004454i 4500 | ||
|---|---|---|---|
| 003 | PE-LiUPU | ||
| 005 | 20250731172925.0 | ||
| 008 | 170508s1960 nyu r 000 0 spa d | ||
| 035 | _a(Sirsi) a203904 | ||
| 040 |
_aPE-LiUPU _bspa _cPE-LiUPU _erda |
||
| 049 | _aPRUA | ||
| 082 | 0 | 4 |
_a207.6 _bG77 |
| 100 | 1 |
_aGraham, Billy, _eautor. |
|
| 245 | 1 | 0 |
_aMy answer / _cBilly Graham. |
| 264 | 1 |
_aNew York : _bDoubleday & company, _c1960. |
|
| 300 |
_a259 pages ; _c22 centimeters |
||
| 336 |
_atext _2rdacontent |
||
| 337 |
_aunmediated _2rdamedia |
||
| 338 |
_avolume _2rdacarrier |
||
| 505 | 0 | _aI want to get married, but -- When trouble enters your home -- How to help your children grow -- What every teen-ager should know -- What every parent should know -- After the children are grown -- Solving problems on the job -- How to be happy most of the time -- The best way to resist temptation -- Antidote for loneliness and failure -- How to cure a bad morals -- The way you look and act -- Friends, relatives, and neighbors -- How to make wrong things right -- Prayer power works every hour -- Using your christian citizenship -- Christianity and communism -- The end of the world. | |
| 526 | _aSEG42 | ||
| 526 | _aSEG41 | ||
| 526 | _aSEG40 | ||
| 526 | _aSEG39 | ||
| 526 | _aP94 | ||
| 526 | _aP87 | ||
| 526 | _aP86 | ||
| 526 | _aP85 | ||
| 526 | _aP77 | ||
| 526 | _aP76 | ||
| 526 | _aP35 | ||
| 650 | 0 | 4 | _aVida cristiana. |
| 910 |
_ajck _bncf _cncf _d20170508 |
||
| 942 |
_2ddc _cBOOK |
||
| 949 |
_a207.6 G77 _wDEWEY _c1 _i75754 _lCCODEBUL1 _mBUL _p10.00 _r0 _sY _tBOOK _u2017-05-03 _xPOSGRADO _zMA.TEOLOGIA _0DONACION _o.STAFF. Colección Teologia |
||
| 994 |
_aC0 _bPEPRU |
||
| 596 | _a1 | ||
| 999 |
_a207.6 G77 _wDEWEY _c20283 _i75754 _f2021-11-9 _g5 _lCCODEBUL1 _mBUL _p10.00 _r0 _sY _tBOOK _u2017-5-8 _xTEOLOGIA _PP85 _0COMPRA _o.STAFF. Colección Teologia _d20283 |
||
| 980 |
_81 _gALBERTO SANCHEZ Responsable de Automatización |
||